ACOUSTICS AND PSYCHOACUSTICS (Record no. 23791)

MARC details
000 -LEADER
fixed length control field 00389nam a22001697a 4500
003 - CONTROL NUMBER IDENTIFIER
control field SGT
020 ## - INTERNATIONAL STANDARD BOOK NUMBER
International Standard Book Number 9781138859876
082 ## - DEWEY DECIMAL CLASSIFICATION NUMBER
Classification number 152.15
Item number A17H
100 ## - MAIN ENTRY--PERSONAL NAME
Personal name HOWARD, DAVID M.
245 ## - TITLE STATEMENT
Title ACOUSTICS AND PSYCHOACUSTICS
250 ## - EDITION STATEMENT
Edition statement 5TH
260 ## - PUBLICATION, DISTRIBUTION, ETC. (IMPRINT)
Place of publication, distribution, etc LONDON
Name of publisher, distributor, etc ROUTLEDGE PUB
Year of Publication 2017
300 ## - PAGE DESCRIPTION
No. of Pages 510
650 ## - SUBJECT ADDED ENTRY--TOPICAL TERM
Topical term or geographic name as entry element AUDIOLOGY
653 ## - KEYWORDS--INDEX TERM
Keyword term ACOUSTICS AND PSYCHOACUSTICS
942 ## - ADDED ENTRY ELEMENTS (KOHA)
Source of classification or shelving scheme Dewey Decimal Classification
Koha item type Books
Holdings
Withdrawn status Lost status Source of classification or shelving scheme Damaged status Not for loan Collection code Home library Current library Shelving location Date acquired Vendor Name Cost, normal purchase price SGTU Bill Number Total Checkouts Full call number Accession No. (Barcode) Date last seen Bill Date Koha item type
    Dewey Decimal Classification   Not For Loan MEDICAL SGT Medical Library SGT Medical Library Reference Book 09/02/2023 ADWELL BOOK COMPNY 5193.00 SGTU 1801   152.15 A17H FM13798 09/02/2023 04/01/2023 Books